AN ADVANCED COURSE IN PRACTICAL CHEMISTRY (Record no. 8074)

MARC details
000 -LEADER
fixed length control field 00483nam a22001817a 4500
005 - DATE AND TIME OF LATEST TRANSACTION
control field 20230110115311.0
008 - FIXED-LENGTH DATA ELEMENTS--GENERAL INFORMATION
fixed length control field 221216b |||||||| |||| 00| 0 eng d
020 ## - INTERNATIONAL STANDARD BOOK NUMBER
ISBN 978-81-7381-302
041 ## - LANGUAGE CODE
Language code of text/sound track or separate title eng
082 ## - DEWEY DECIMAL CLASSIFICATION NUMBER
Classification number 547.05 GHO-A
100 ## - MAIN ENTRY--AUTHOR NAME
Personal name GHOSHAL, MAHAPATRA ,NAD
245 ## - TITLE STATEMENT
Title AN ADVANCED COURSE IN PRACTICAL CHEMISTRY
250 ## - EDITION STATEMENT
Edition statement 3rd ed.
260 ## - PUBLICATION, DISTRIBUTION, ETC. (IMPRINT)
Place of publication KOLKATA
Name of publisher NEW CENTRAL AGENCY
Year of publication 2022
300 ## - PHYSICAL DESCRIPTION
Number of Pages 475;P.
650 ## - SUBJECT ADDED ENTRY--TOPICAL TERM
Topical Term PHARMACY
General subdivision D.PHARMA
942 ## - ADDED ENTRY ELEMENTS (KOHA)
Koha item type Books
Holdings
Lost status Damaged status Collection code Home library Current library Shelving location Date acquired Source of acquisition Cost, normal purchase price Full call number Accession Number Koha item type
    Reference JRU Library JRU Library SHELF-5-D 19/10/2022 LOHIA BOOK INTERNATIONAL 750.00 547.05-GHO-A 26959 Books
    PHARMACY JRU Library JRU Library Shelf - 27- I 19/10/2022 LOHIA BOOK INTERNATIONAL 750.00 547.05-GHO-A 26960 Books
    PHARMACY JRU Library JRU Library Shelf - 27- I 19/10/2022 LOHIA BOOK INTERNATIONAL 750.00 547.05-GHO-A 26961 Books
    PHARMACY JRU Library JRU Library SHELF-18-A 19/10/2022 LOHIA BOOK INTERNATIONAL 750.00 547.05-GHO-A 26962 Books
    PHARMACY JRU Library JRU Library Shelf - 27- I 19/10/2022 LOHIA BOOK INTERNATIONAL 750.00 547.05-GHO-A 26963 Books